Państwa Afryki, które się nie kończą na literę A - Statystyki

Ogólne statystyki
  • Ten quiz został rozwiązany 51 razy
  • Średni wynik to 19 z 25
Statystyki odpowiedzi
Państwo % Poprawnych
D Czad
96%
T Egipt
96%
L Senegal
91%
O Kongo
89%
O Maroko
89%
R Niger
89%
N Kamerun
84%
N Sudan
84%
O Togo
84%
I Mali
82%
I Republika Południowej Afryki
80%
I Eswatini
78%
I Dżibuti
76%
N Gabon
76%
K Mozambik
76%
Y Sudan Południowy
76%
N Benin
73%
O Burkina Faso
71%
I Burundi
69%
E Malawi
69%
E Zimbabwe
69%
J Wybrzeże Kości Słoniowej
67%
U Gwinea Bissau
64%
E Sierra Leone
64%
R Magadaskar
4%
Nie znaleziono quizów pasujących do podanych kryteriów
Rozkład punktacji
Procent ludzi z każdym wynikiem
Percentyl według liczby udzielonych odpowiedzi
Twoja historia wyników
Nie rozwiązałeś tego quizu